000 00442nam a2200157 i 4500
001 51803
003 ES-MaACL
005 20230906162436.0
007 t|
008 030819s1969 cl ||||1| spa d
100 1 _aDanyans de la Cinna, Eugenio.
_942678
245 1 0 _aPlatillos en la actualidad /
_cEugenio Danyans.
260 _aSantiago de Chile :
_bPomaire,
_c[1969]
300 _a308 p. ;
_c20 cm.
852 _aES-MaACL
_jC-35803
_bR.68911
999 _c51803
_d51803